zpět

Detail výsledku týmu

Bar Vesmír Všem, Zlaté Hory

Datum a čas kvízu

24 Celkem bodů Celkový počet nahraných bodů na tomto kvízu bez doplňovacích otázek.
8. Pořadí na kvízu Konečné umístění týmu na tomto kvízu.

Zaznamenané odpovědi

# Otázka Odpověď Body Výsledky
1. Minulý týden se satelitní sním... srdce 0
2. 56letá evropská politička byla... Marine Le Pen 1
3. Jak zní křestní jméno novoroze... Arnold, třetí potomek 0
4. Evropská komise udělila pokut... Mercedes-Benz 0
5. Atmosféra mezi istanbulskými k... José Mourinho 0
6. Miminkovské téma začněme u pro... D 0
7. U prvního miminka nás může pře... smolka 1
8. Ihned na první návštěvě u pedi... vitamín D 1
9. Pro klidný spánek miminka může... bílý šum 0
10. Ve které síti supermarketů a h... Tesco 0